Nature of the chemical bond (Record no. 934269)

MARC details
000 -LEADER
fixed length control field 00595nam a2200241Ia 4500
003 - CONTROL NUMBER IDENTIFIER
control field OSt
005 - DATE AND TIME OF LATEST TRANSACTION
control field 20221005025152.0
008 - FIXED-LENGTH DATA ELEMENTS--GENERAL INFORMATION
fixed length control field 221004b |||||||| |||| 00| 0 eng d
037 ## - SOURCE OF ACQUISITION
Terms of availability Textual
040 ## - CATALOGING SOURCE
Original cataloging agency CRL
Transcribing agency CRL
Language of cataloging eng
041 ## - LANGUAGE CODE
Source of code eng
Language code of text/sound track or separate title eng
100 ## - MAIN ENTRY--PERSONAL NAME
Personal name Pauling Linus
245 #0 - TITLE STATEMENT
Title Nature of the chemical bond
250 ## - EDITION STATEMENT
Edition statement 3rd
260 ## - PUBLICATION, DISTRIBUTION, ETC.
Place of publication, distribution, etc. Calcutta
Name of publisher, distributor, etc. IBH Pub India
Date of publication, distribution, etc. 1963
300 ## - PHYSICAL DESCRIPTION
Extent 644p.
Dimensions cm.
942 ## - ADDED ENTRY ELEMENTS (KOHA)
Classification part C9B1, K3
Koha item type Textual
Source of classification or shelving scheme
Holdings
Withdrawn status Lost status Damaged status Not for loan Home library Current library Date acquired Total Checkouts Full call number Barcode Date last seen Price effective from Koha item type
        Central Library Central Library 2022-10-05   C9B1 K3 CL0999668 2022-10-05 2022-10-05 Textual
Copyright @ Delhi University Library System